书目信息 |
| 题名: |
网页制作实用教程
|
|
| 作者: | 徐国平 主编 | |
| 分册: | ||
| 出版信息: | 北京 科学出版社 1999.06 |
|
| 页数: | 372页 | |
| 开本: | 16开 | |
| 丛书名: | ||
| 单 册: | ||
| 中图分类: | TP393.092-43 | |
| 科图分类: | ||
| 主题词: | 计算机应用 | |
| 电子资源: | ||
| ISBN: | 7-03-007529-3 | |
| 000 | 00570nam0 2200193 45 | |
| 001 | 0011171621 | |
| 005 | 20001117062211.1 | |
| 010 | @a7-03-007529-3@d32.00元 | |
| 100 | @a20001117d1999 km y0chiy0120 ea | |
| 101 | 0 | @achi |
| 105 | @a z 000yy | |
| 200 | 1 | @a网页制作实用教程@AWang Ye Zhi Zuo Shi Yong Jiao Cheng@f徐国平主编@FXu Guo Ping Zhu Bian |
| 210 | @a北京@c科学出版社@d1999.06 | |
| 215 | @a372页@d16开 | |
| 606 | 0 | @a计算机应用 |
| 690 | @aTP393.092-43@v3 | |
| 701 | 0 | @a徐国平@4主编 |
| 801 | @aCN@bPftUser@c20001117 | |
| 905 | @b411731-736@dTP393.092-43@eX945@f6 | |
| 网页制作实用教程/徐国平主编.-北京:科学出版社,1999.06 |
| 372页;16开 |
| ISBN 7-03-007529-3:32.00元 |
| ● |
| 相关链接 |
|
|
|
正题名:网页制作实用教程
索取号:TP393.092-43/X945
 
预约/预借
| 序号 | 登录号 | 条形码 | 馆藏地/架位号 | 状态 | 备注 |
| 1 | 411731 | 204117311 | 自科库301/ [索取号:TP393.092-43/X945] | 在馆 | |
| 2 | 411732 | 204117320 | 自科库301/ [索取号:TP393.092-43/X945] | 在馆 | |
| 3 | 411733 | 204117339 | 自科二线400A/400A自科库 1排2列4层/ [索取号:TP393.092-43/X945] | 在馆 | |
| 4 | 411734 | 204117348 | 自科二线400A/400A自科库 2排1列1层/ [索取号:TP393.092-43/X945] | 在馆 | |
| 5 | 411735 | 204117357 | 自科库301/ [索取号:TP393.092-43/X945] | 在馆 | |
| 6 | 411736 | 204117366 | 自科库301/ [索取号:TP393.092-43/X945] | 在馆 |